书目信息 |
| 题名: |
SGDA2007会员年鉴
|
|
| 作者: | ;本书编委会 , 深圳市平面设计协会 著 | |
| 分册: | ||
| 出版信息: | 大连 大连理工大学出版社 2008.7 |
|
| 页数: | 585页 | |
| 开本: | 26cm | |
| 丛书名: | ||
| 单 册: | ||
| 中图分类: | J524-54 | |
| 科图分类: | ||
| 主题词: | 工艺美术--中国 | |
| 电子资源: | ||
| ISBN: | 7-5611-4136-6 | |
| 000 | 00767 nam 000241 | |
| 001 | 0100032243 | |
| 005 | 20091117114428.76 | |
| 010 | @a7-5611-4136-6@dCNY280.00 | |
| 100 | @a20090711d2003 em y0chiy0121 ea | |
| 101 | @achi | |
| 102 | @aCN@b110000 | |
| 105 | @ay z 000yy | |
| 106 | @ar | |
| 200 | 10 | @aSGDA2007会员年鉴@9SGDA2007 hui yuan nian jian@f深圳市平面设计协会@Fshen zhen shi ping mian she ji xie hui |
| 210 | @a大连@c大连理工大学出版社@d2008.7 | |
| 215 | @a585页@d26cm | |
| 540 | @aSGDA2007会员年鉴 | |
| 606 | @a工艺美术@x中国 | |
| 690 | @aJ524-54@v4 | |
| 711 | 0 | @a本书编委会@9ben shu bian wei hui@4著 |
| 711 | 02 | @a深圳市平面设计协会@Ashen zhen shi ping mian she ji xie hui |
| 801 | @aCN@bCQULIB@c20091117 | |
| 905 | @b853474-75@dJ524-54@eS377@f2 | |
| SGDA2007会员年鉴/深圳市平面设计协会.-大连:大连理工大学出版社,2008.7 |
| 585页;26cm |
| ISBN 7-5611-4136-6:CNY280.00 |
| ● |
| 相关链接 |
|
|
|
正题名:SGDA2007会员年鉴
索取号:J524-54/S377
 
预约/预借
| 序号 | 登录号 | 条形码 | 馆藏地/架位号 | 状态 | 备注 |
| 1 | 853474 | 208534745 | 社科库309/309社科库 86排4列6层/ [索取号:J524-54/S377] | 在馆 | |
| 2 | 853475 | 208534754 | 自科二线404/309社科库 88排1列4层/ [索取号:J524-54/S377] | 在馆 |